| 000 | 01520cam a22003974i 4500 | ||
|---|---|---|---|
| 003 | PE-LiUPU | ||
| 005 | 20250731173209.0 | ||
| 008 | 150625s1978 mx r 000 0 spa d | ||
| 035 | _a(Sirsi) a31763 | ||
| 040 |
_aPE-LiUPU _bspa _cPE-LiUPU _erda |
||
| 082 | 0 | 4 |
_a221.9 _bC26 _221 |
| 100 | 1 |
_aCarrillo Alday, Salvador, _eautor. |
|
| 245 | 1 | 0 | _aHistoria de Israel, Historia de Salvación. |
| 264 | 1 |
_aMexico : _bInstituto de sagrada escritura, _c1978. |
|
| 300 |
_a274 páginas ; _c21 centímetros |
||
| 336 |
_atext _2rdacontent |
||
| 337 |
_aunmediated _2rdamedia |
||
| 338 |
_avolume _2rdacarrier |
||
| 505 | 0 | _aDesde habram hasta los jueces. -La monarquia unificada. -Los dos reinos, Israel y Juda. -Destierro babilonico y epoca persa. -Epoca Helenistica y dominacion romana. -Epoca helenistica y dominacion romana. -La plenitud de los tiempos. | |
| 526 | _aSEG42 | ||
| 526 | _aSEG41 | ||
| 526 | _aSEG40 | ||
| 526 | _aSEG39 | ||
| 526 | _aP94 | ||
| 526 | _aP87 | ||
| 526 | _aP86 | ||
| 526 | _aP85 | ||
| 526 | _aP77 | ||
| 526 | _aP76 | ||
| 526 | _aP35 | ||
| 942 |
_2ddc _cBOOK |
||
| 949 |
_a221.9 C26 _wDEWEY _c1 _i37012 _lCCODEBUL1 _mBUL _p00.00 _r0 _sY _tBOOK _u2015-06-25 _xBIBLIOTECA _zUNKNOWN _0COMPRA _o.STAFF. Colección Teología |
||
| 596 | _a1 | ||
| 999 |
_a221.9 C26 _wDEWEY _c39347 _i37012 _d39347 _e2017-11-5 _f2021-11-9 _g5 _lCCODEBUL1 _mBUL _n1 _p30.00 _q4 _r0 _sY _tBOOK _u2015-6-25 _xTEOLOGIA _PP35 _0COMPRA _o.STAFF. Colección Teología |
||
| 980 |
_81 _gALBERTO SANCHEZ Responsable de Automatización |
||